Central Library OPAC University of Rajshahi

স্নাতক ভৌত রসায়ন = Degree Physical Chemistry : (Record no. 79834)

MARC details
000 -LEADER
fixed length control field 01194nam a2200253 a 4500
001 - CONTROL NUMBER
control field 79834
003 - CONTROL NUMBER IDENTIFIER
rucl marc code BD-RjUL
005 - DATE AND TIME OF LATEST TRANSACTION
control field 20220523122019.0
008 - FIXED-LENGTH DATA ELEMENTS--GENERAL INFORMATION
fixed length control field 220523s1988 bg a|||| |||| 00| 0 ben d
035 ## - SYSTEM CONTROL NUMBER
System control number (BD-RjUL)79834
040 ## - CATALOGING SOURCE
Original cataloging agency BD-RjUL
Language of cataloging ben
Transcribing agency BD-RjUL
Modifying agency BD-RjUL
041 ## - LANGUAGE CODE
Language code of text/sound track or separate title ben
082 ## - DEWEY DECIMAL CLASSIFICATION NUMBER
Edition number 23
Classification number 541
Author mark and year PAS 1988
100 ## - MAIN ENTRY--PERSONAL NAME
Personal name পাল, সুভাষ চন্দ্র
9 (RLIN) 127184
245 10 - TITLE STATEMENT
Title স্নাতক ভৌত রসায়ন = Degree Physical Chemistry :
Remainder of title স্নাতক পাস ও সম্মান শ্রেণীর জন্য /
Statement of responsibility, etc. সুভাষ চন্দ্র পাল, পরিতোষ কুমার চক্রবর্তী
250 ## - EDITION STATEMENT
Edition statement ৭ম সং.
260 ## - PUBLICATION, DISTRIBUTION, ETC. (IMPRINT)
Place of publication, distribution, etc. ঢাকা :
Name of publisher, distributor, etc. বাংলাদেশ বুক করপোরেশন,
Date of publication, distribution, etc. ১৯৮৮,
300 ## - PHYSICAL DESCRIPTION
Pagination খণ্ড :
Illustrations চিত্র ;
Size ২২ সেমি.
505 01 - FORMATTED CONTENTS NOTE
Formatted contents note খণ্ড. ১ম ও ২য় খণ্ড একত্রে
650 ## - SUBJECT ADDED ENTRY--TOPICAL TERM
Topical term or geographic name as entry element Physical chemistry
9 (RLIN) 127185
Topical term or geographic name as entry element শারীরিক রসায়ন
9 (RLIN) 127186
700 ## - ADDED ENTRY--PERSONAL NAME
Personal name চক্রবর্তী, পরিতোষ কুমার
942 ## - ADDED ENTRY ELEMENTS (KOHA)
Source of classification or shelving scheme Dewey Decimal Classification
Koha item type Books
Holdings
Lost status Source of classification or shelving scheme Damaged status Not for loan Collection code Permanent Location Current Location Shelving location Date acquired Total Checkouts Full call number Date last seen Copy number Koha item type
  Dewey Decimal Classification   Not For Loan Non-fiction Central Library, University of Rajshahi Central Library, University of Rajshahi Reading Room 21/08/1999   B 541 PAS V.1-2 1988 23/05/2022 C-1 Books